University Home | Library Home | Institutional Repository

The look of maps : (Record no. 56791)

MARC details
000 -LEADER
fixed length control field 00682cam6a220020500 4500
001 - CONTROL NUMBER
control field qce00805987
005 - DATE AND TIME OF LATEST TRANSACTION
control field 20190815085201.0
008 - FIXED-LENGTH DATA ELEMENTS--GENERAL INFORMATION
fixed length control field 720912c19661952wiu eng u
035 ## - SYSTEM CONTROL NUMBER
System control number (Sirsi) r31532
035 ## - SYSTEM CONTROL NUMBER
System control number (QCAT)lss00287796
035 ## - SYSTEM CONTROL NUMBER
System control number (UPRA)qce00805987
040 ## - CATALOGING SOURCE
Modifying agency UPRA
100 1# - MAIN ENTRY--PERSONAL NAME
Personal name Robinson, Arthur Howard, 1915-
Dates associated with a name Robinson, Arthur Howard, 1915-
Linkage A95722.1
245 14 - TITLE STATEMENT
Title The look of maps :
Remainder of title an examination of cartographic design.
260 ## - PUBLICATION, DISTRIBUTION, ETC.
Place of publication, distribution, etc. Madison :
Name of publisher, distributor, etc. University of Wisconsin Press,
Date of publication, distribution, etc. 1966, [c1952]
504 ## - BIBLIOGRAPHY, ETC. NOTE
Bibliography, etc. note Bibliography: p. 101-105.
650 #0 - SUBJECT ADDED ENTRY--TOPICAL TERM
Topical term or geographic name entry element Cartography.
Linkage S12945.1
949 ## - LOCAL PROCESSING INFORMATION (OCLC)
a GA105
w lcc
i 33729005785345
m MAIN
t BOOK
l ON-SHELF

No items available.

© 2026 - The University of Zambia Library - Koha v25.11